Statistics for Czech Republic - Croatia UEFA Euro 2016

Click here to take the quiz!

General Stats

  • This quiz has been taken 29 times
  • The average score is 14 of 30

Answer Stats

Answer % Correct
Mario Mandžukić
93%
Ivan Rakitić ¹
89%
Petr Čech
81%
Luka Modrić
81%
Ivan Perišić ¹
78%
Danijel Subašić
78%
Darijo Srna
70%
Domagoj Vida
70%
Vedran Ćorluka
67%
Marcelo Brozović
63%
Tomáš Rosický
59%
Mateo Kovacic
59%
Ivan Strinić
56%
Milan Badelj
48%
Ante Čačić
44%
Milan Škoda ¹
41%
Šime Vrsaljko
37%
Tomáš Necid ¹
33%
Pavel Vrba
26%
Jaroslav Plašil
26%
Pavel Kadeřábek
22%
Gordon Schildenfeld
22%
David Lafata
22%
Roman Hubník
19%
Tomáš Sivok
19%
David Limberský
19%
Ladislav Krejčí
15%
Vladimír Darida
15%
Jiří Skalák
11%
Josef Šural
7%

Score Distribution

Percentile by Number Answered

Percent of People with Each Score

Your Score History

You have not taken this quiz